Vypustili Ružín, musia opraviť hrádzu

Bibliographic Details
Format: Article
Language:Slovak
PhysicalDescription:Fotogr.
ISSN:1335-4655
Subjects:

MARC

LEADER 00000nab a2200000 ar4500
001 vtls010179194
003 SK-MaSNL
005 20260303183100.0
008 170922c20100819xo mr|p|||||||000 b|slo
038 |a SNSK 
040 |b slo  |c SNSK  |e AACR2 
041 |a slo 
044 |a xo  |c SK 
080 |a 627.8.034.43  |2 2001 
080 |a 627.8.01  |x (437.67)  |2 2001 
080 |a 069.444  |2 2001 
245 0 0 |a Vypustili Ružín, musia opraviť hrádzu  |c [autor](kz) 
300 |b Fotogr. 
650 0 7 |a opravy  |2 snsk  |9 388692 
650 0 7 |a priehrady  |2 snsk  |9 21151 
651 7 |a Ružín (Slovensko : vodná nádrž)  |2 snsk  |9 17017 
651 7 |a Hornád (Slovensko a Maďarsko : rieka)  |2 snsk  |9 26821 
651 7 |a Margecany (Slovensko)  |2 snsk  |9 43538 
651 7 |a Jaklovce (Slovensko)  |2 snsk  |9 58938 
651 7 |a Gelnica (Slovensko : okres)  |2 snsk  |9 168677 
773 0 |t Nový Čas  |g Roč. 20, č. 191(19.8.2010), s. 8  |x 1335-4655 
852 |a SNSK  |b KIS3GCP 
999 |c 2119313  |d 2121243